000 00610nas a2200217 4500
001 BR9404758
003 BR-BrBNA
005 20231205093707.0
007 ta
008 230509b bl.|||p| |||| 00| 00por d
040 _aBR-BrBNA
_bpor
_cBiblioteca Nacional de Agricultura
041 _a(Pt)
072 _aL20
100 1 _aRodrigues, M. da P.
100 1 _aGuimaraes, O.
245 1 _aAves, aquarela do Brasil
650 _aAve Ornamental
773 0 _tGlobo Rural (Brazil)
_xISSN 0102-6178
_g(Apr 1993), v. 8(90) p. 24-32
_wBR9404758
909 _a202311
_bLúcia
_c55
_dLúcia Elande
942 _2AGRIS
_n0
_cANA
999 _c139920
_d139920